Comprehensive stress management

This engaging and easy-to-read text helps students identify, understand, and combat the stressors that most affect their lives. In an informal, anecdotal style, author Jerrold Greenberg discusses the latest research findings on the physical, psychological, sociological, and spiritual aspects of stre...

Celý popis

Uloženo v:
Podrobná bibliografie
Hlavní autor: Greenberg, Jerrold S.
Médium: Kniha
Jazyk:Undetermined
Vydáno: Boston, Mass. McGraw-Hill 2008
Témata:
Tagy: Přidat tag
Žádné tagy, Buďte první, kdo otaguje tento záznam!
Thư viện lưu trữ: Trung tâm Học liệu Trường Đại học Cần Thơ
LEADER 00985nam a2200217Ia 4500
001 CTU_149581
008 210402s9999 xx 000 0 und d
020 |c 69.33 
082 |a 155.9042 
082 |b G795 
100 |a Greenberg, Jerrold S. 
245 0 |a Comprehensive stress management 
245 0 |c Jerrold S. Greenberg. 
260 |a Boston, Mass. 
260 |b McGraw-Hill 
260 |c 2008 
520 |a This engaging and easy-to-read text helps students identify, understand, and combat the stressors that most affect their lives. In an informal, anecdotal style, author Jerrold Greenberg discusses the latest research findings on the physical, psychological, sociological, and spiritual aspects of stress, as well as the appropriate coping skills. 
650 |a Stress (Psychology),Stress (Physiology),Stress management,Stress (Psychology),Sự căng thẳng 
650 |x Prevention 
904 |i Năm 
980 |a Trung tâm Học liệu Trường Đại học Cần Thơ